书目信息 |
| 题名: |
情报学概论(修订版)
|
|
| 作者: | 严怡民 主编 | |
| 分册: | ||
| 出版信息: | 武汉 武汉大学出版社 1994.10 |
|
| 页数: | 319页 | |
| 开本: | 32开 | |
| 丛书名: | ||
| 单 册: | ||
| 中图分类: | G350 | |
| 科图分类: | ||
| 主题词: | 情报学 , 情报工作 | |
| 电子资源: | ||
| ISBN: | 7-307-01845-4 | |
| 000 | 00580nam0 2200205 45 | |
| 001 | 0007210834 | |
| 005 | 20000716235934.2 | |
| 010 | @a7-307-01845-4@d9.60元 | |
| 100 | @a20000721d1994 km y0chiy0120 ea | |
| 101 | 0 | @achi |
| 105 | @a z 000yy | |
| 200 | 1 | @a情报学概论(修订版)@AQing Bao Xue Gai Lun(Xiu Ding Ban)@f严怡民 主编@FYan Yi Min Zhu Bian |
| 210 | @a武汉@c武汉大学出版社@d1994.10 | |
| 215 | @a319页@d32开 | |
| 606 | 0 | @a情报学 |
| 606 | 0 | @a情报工作 |
| 690 | @aG350@v3 | |
| 701 | 0 | @a严怡民@4主编 |
| 801 | @aCN@bPftUser@c20000721 | |
| 905 | @b73006-008@dG350@eY543/1@f3 | |
| 情报学概论(修订版)/严怡民 主编.-武汉:武汉大学出版社,1994.10 |
| 319页;32开 |
| ISBN 7-307-01845-4:9.60元 |
| ● |
| 相关链接 |
|
|
|
正题名:情报学概论(修订版)
索取号:G350/Y543/1
 
预约/预借
| 序号 | 登录号 | 条形码 | 馆藏地/架位号 | 状态 | 备注 |
| 1 | 73006 | 200730067 | 社科库409/409社科库 120排3列5层/ [索取号:G350/Y543/1] | 在馆 | |
| 2 | 73007 | 200730076 | 社科库409/409社科库 120排3列5层/ [索取号:G350/Y543/1] | 在馆 | |
| 3 | 73008 | 200730085 | 社科库409/ [索取号:G350/Y543/1] | 在馆 |